Wireless application protocal (Record no. 170257)

000 -LEADER
fixed length control field 00354nam a2200109Ia 4500
008 - FIXED-LENGTH DATA ELEMENTS--GENERAL INFORMATION
fixed length control field 220217s9999||||xx |||||||||||||| ||und||
100 ## - MAIN ENTRY--PERSONAL NAME
Personal name Singhal, Sandeep Bridgeman, Thoms. Etal.
9 (RLIN) 2134
245 #0 - TITLE STATEMENT
Title Wireless application protocal
260 ## - PUBLICATION, DISTRIBUTION, ETC.
Place of publication, distribution, etc. Pearson education of asia
Name of publisher, distributor, etc. New Delhi
Date of publication, distribution, etc. 2001
300 ## - PHYSICAL DESCRIPTION
Extent XX, 678p.
Other physical details 450
650 ## - SUBJECT ADDED ENTRY--TOPICAL TERM
Topical term or geographic name entry element WIRELESS COMMUNICATION
Holdings
Withdrawn status Lost status Damaged status Not for loan Collection code Home library Current library Shelving location Date acquired Barcode Date last seen Price effective from Koha item type
        Electronics and Communication Engineering Central Library Central Library Book Cart 02/18/2022 5446 02/18/2022 02/18/2022 Books

Powered by Koha